000 00679nam a2200229 a 4500
001 43474
003 BD-RjUL
005 20211209053713.0
008 160622s1966 enk 000 0 eng d
035 _a(BD-RjUL)
040 _aCSF
_cCSF
_dEQO
_dBD-RjUL
_beng
041 _aeng
082 _223
_a891.70904
_bBLR 1966
090 _aPG3017
_b.B53x
100 1 _aBlair, Katherine Hunter,
_d1933-
_9133531
245 1 2 _aA review of Soviet literature /
_cKatherine Hunter Blair.
260 _aLondon :
_b An ampersand book,
_cc1966.
300 _a174 p. ;
_c18 cm.
650 0 _aSoviet literature
_xHistory and criticism
_9133532
830 0 _aAmpersand book
_9133533
942 _2ddc
_cBK
999 _c43474
_d43474